Logo Biblioteca

Rubén Porta. (Registro nro. 220)

Detalles MARC
000 -LEADER
fixed length control field 01022nam a22002297a 4500
003 - CONTROL NUMBER IDENTIFIER
control field OSt
005 - DATE AND TIME OF LATEST TRANSACTION
control field 20251127092705.0
008 - FIXED-LENGTH DATA ELEMENTS--GENERAL INFORMATION
fixed length control field 240405s2010 ag ||||| |||| 00| 0 spa d
020 ## - INTERNATIONAL STANDARD BOOK NUMBER
International Standard Book Number 978-987-23363-7-0
040 ## - CATALOGING SOURCE
Transcribing agency AR-RoUNCS
Original cataloging agency AR-RoUNCS
080 ## - UNIVERSAL DECIMAL CLASSIFICATION NUMBER
Authority record control number or standard number 76Porta Rubén
245 00 - TITLE STATEMENT
Title Rubén Porta.
260 ## - PUBLICATION, DISTRIBUTION, ETC.
Place of publication, distribution, etc. Rosario :
Name of publisher, distributor, etc. Ediciones Castagnino+macro,
Date of publication, distribution, etc. 2010.
300 ## - PHYSICAL DESCRIPTION
Extent 91 p. :
Other physical details fot. byn ;
Dimensions 27 cm.
500 ## - GENERAL NOTE
General note Presentación por Darío Maiorana.
504 ## - BIBLIOGRAPHY, ETC. NOTE
Bibliography, etc. note Incluye notas y referencias bibliográficas a pie de página.
520 ## - SUMMARY, ETC.
Summary, etc. La presente edición, fruto de trabajo conjunto entre el Museo Castagnino Macro y la Universidad Nacional de Rosario, Compila por primera vez, cuarenta años de producción visual del artista Rubén Porta. A través de una serie de ensayos de este libro ds cuenta de su vida, su acción académica y su compromiso político.
600 14 - SUBJECT ADDED ENTRY--PERSONAL NAME
Personal name Porta, Rubén,
Dates associated with a name 1925-2005
650 #7 - SUBJECT ADDED ENTRY--TOPICAL TERM
Source of heading or term embne
Topical term or geographic name entry element Grabadores argentinos
655 #7 - INDEX TERM--GENRE/FORM
Source of term embne
Genre/form data or focus term Catálogo de colecciones
942 ## - ADDED ENTRY ELEMENTS (KOHA)
Source of classification or shelving scheme Universal Decimal Classification
Koha item type Libro de préstamo a domicilio
Suppress in OPAC No
Existencias
Withdrawn status Lost status Source of classification or shelving scheme Damaged status Not for loan Collection Home library Current library Date acquired Source of acquisition Total checkouts Full call number Barcode Date last seen Price effective from Koha item type
    Library of Congress Classification     Colección General Biblioteca Escuela de Ciencias Sociales Biblioteca Escuela de Ciencias Sociales 27/11/2025 000170   76Porta Rubén 000170 27/11/2025 27/11/2025 Libro de préstamo a domicilio
Biblioteca de la Escuela Preuniversitaria en Ciencias Sociales y Humanísticas.
Riobamba 250 bis.
CP 2000 - Rosario - Santa Fe
E-Mail: biblioteca@esociales.unr.edu.ar